A discourse of the contests and dissentions between the nobles and the commons in Athens and Rome : with the consequences they had upon both those states.

Bibliographic Details
Main Author: Swift, Jonathan, 1667-1745
Corporate Author: Gale (Firm)
Other Authors: Fleet, Thomas, 1685-1758 (Printer)
Format: eBook
Language:English
Subjects:
Online Access:Connect to the full text of this electronic book

MARC

Tag First Indicator Second Indicator Subfields
LEADER 00000cam a2200000 4500
001 in00003884321
005 20190415193026.0
006 m o d
007 cr |n||||||||n
008 830519s1728 xxu|||| o 00| | eng c
035 |a (CU-RivES)W38080 
035 |a (Uk-ES)006463888 
035 |a (OCoLC)511279451 
040 |a MWA  |c MWA  |d Uk-ES  |d CStRLIN  |d Cengage Gale  |d UtOrBLW 
050 4 |a JC176  |b .S954 1728 
100 1 |a Swift, Jonathan,  |d 1667-1745. 
240 1 0 |a Discourse of the contests and dissensions between the nobles and the commons in Athens and Rome 
245 1 2 |a A discourse of the contests and dissentions between the nobles and the commons in Athens and Rome :  |b with the consequences they had upon both those states. 
264 3 |a [Boston] :  |b Printed in the year,  |c 1728. 
300 |a 1 online resource (4 unnumbered pages, 59, 1 unnumbered pages)  
336 |a text  |b txt  |2 rdacontent 
337 |a computer  |b c  |2 rdamedia 
338 |a online resource  |b cr  |2 rdacarrier 
500 |a With a half-title. 
500 |a Anonymous. By Jonathan Swift. 
500 |a The titlepage ornament is that used by Thomas Fleet of Boston. 
509 |a Signatures: [A]⁴ B-H⁴ (H4 verso blank; D2 missigned C2). 
510 4 |a Evans,  |c 3108 
510 4 |a Teerink, H. Swift (2nd edition),  |c 478 
510 4 |a English Short Title Catalog,  |c W38080. 
500 |a Reproduction of original from Boston Public Library. 
500 |a Electronic resource. 
650 0 |a Political science.  |0 http://id.loc.gov/authorities/subjects/sh85104440 
651 0 |a Athens (Greece)  |x Politics and government.  |0 http://id.loc.gov/authorities/subjects/sh2008114288 
651 0 |a Rome  |x Politics and government  |y 510-30 B.C.  |0 http://id.loc.gov/authorities/subjects/sh85115179 
651 0 |a Great Britain  |x Politics and government.  |0 http://id.loc.gov/authorities/subjects/sh85056868 
655 7 |a Electronic books.  |2 local 
700 1 |a Fleet, Thomas,  |d 1685-1758,  |e printer.  |0 http://id.loc.gov/authorities/names/n85323031 
710 2 |a Gale (Firm)  |0 http://id.loc.gov/authorities/names/no2008071348 
752 |a United States  |b Massachusetts  |d Boston. 
856 4 0 |u http://proxy.library.tamu.edu/login?url=http://find.galegroup.com/ecco/infomark.do?contentSet=ECCOArticles&docType=ECCOArticles&bookId=1418402000&type=getFullCitation&tabID=T001&prodId=ECCO&docLevel=TEXT_GRAPHICS&version=1.0&source=library&userGroupName=txshracd2898  |z Connect to the full text of this electronic book  |t 0 
999 f f |s d66ea63c-d98d-3321-9d8f-cd4cb5fa511d  |i 8a8b3381-32a8-37ad-aa4e-93137b2510c7  |t 0 
952 f f |a Texas A&M University  |b College Station  |c Electronic Resources  |d Available Online  |t 0  |e JC176 .S954 1728  |h Library of Congress classification 
998 f f |a JC176 .S954 1728  |t 0  |l Available Online